|
|
|
|
| LEADER |
00000cas a2200000 c 4500 |
| 001 |
243332270 |
| 003 |
DE-627 |
| 005 |
20260207120916.0 |
| 007 |
tu |
| 008 |
980501c19929999xxuz| m| 0 |0eng c |
| 015 |
|
|
|a 09,A25,0074
|2 dnb
|
| 016 |
7 |
|
|a 019199694
|2 DE-101
|
| 016 |
7 |
|
|a 1425618-6
|2 DE-600
|
| 022 |
|
|
|a 1059-3535
|
| 035 |
|
|
|a (DE-627)243332270
|
| 035 |
|
|
|a (DE-576)030306655
|
| 035 |
|
|
|a (DE-599)ZDB1425618-6
|
| 035 |
|
|
|a (OCoLC)611746688
|
| 040 |
|
|
|a DE-627
|b ger
|c DE-627
|e rakwb
|
| 041 |
|
|
|a eng
|
| 044 |
|
|
|c XD-US
|
| 082 |
0 |
4 |
|a 080
|q DE-101
|
| 082 |
0 |
4 |
|a 300
|a 320
|q DE-600
|
| 245 |
0 |
0 |
|a Major concepts in politics and political theory
|
| 264 |
3 |
1 |
|a New York, NY [u.a.]
|a Frankfurt,M.
|a Berlin
|a Wien
|b Lang
|c 1992-
|
| 336 |
|
|
|a Text
|b txt
|2 rdacontent
|
| 337 |
|
|
|a ohne Hilfsmittel zu benutzen
|b n
|2 rdamedia
|
| 338 |
|
|
|a Band
|b nc
|2 rdacarrier
|
| 362 |
0 |
|
|a 1.1992 -
|
| 363 |
0 |
1 |
|a 1
|i 1992
|
| 515 |
|
|
|a Ersch. unregelmäßig
|
| 655 |
|
7 |
|a Monografische Reihe
|0 (DE-588)4179998-7
|0 (DE-627)104628669
|0 (DE-576)209995106
|2 gnd-content
|
| 889 |
|
|
|w (DE-603)186261799
|
| 889 |
|
|
|w (DE-576)44719559X
|
| 889 |
|
|
|w (DE-627)1871341728
|
| 935 |
|
|
|a mteo
|a JALB
|
| 935 |
|
|
|i sdedup20221105
|
| 936 |
s |
n |
|a a100
|2 mzub
|
| 951 |
|
|
|a ST
|
| ELC |
|
|
|b 1
|
| LOK |
|
|
|0 000 xxxxxcx a22 zn 4500
|
| LOK |
|
|
|0 001 2194001743
|
| LOK |
|
|
|0 003 DE-627
|
| LOK |
|
|
|0 004 243332270
|
| LOK |
|
|
|0 005 19950421000000
|
| LOK |
|
|
|0 008 950421||||||||||||||||ger|||||||
|
| LOK |
|
|
|0 040
|a DE-21
|c DE-627
|d DE-21
|
| LOK |
|
|
|0 852
|a DE-21
|
| LOK |
|
|
|0 852 1
|9 00
|
| LOK |
|
|
|0 939
|a 21-04-95
|b l01
|
| LOK |
|
|
|0 000 xxxxxcx a22 zn 4500
|
| LOK |
|
|
|0 001 2588962378
|
| LOK |
|
|
|0 003 DE-627
|
| LOK |
|
|
|0 004 243332270
|
| LOK |
|
|
|0 005 20090112092821
|
| LOK |
|
|
|0 008 090112||||||||||||||||ger|||||||
|
| LOK |
|
|
|0 040
|a DE-21-108
|c DE-627
|d DE-21-108
|
| LOK |
|
|
|0 092
|o l
|
| LOK |
|
|
|0 852
|a DE-21-108
|
| LOK |
|
|
|0 852 1
|m p
|9 00
|
| LOK |
|
|
|0 938
|k p
|
| LOK |
|
|
|0 939
|a 12-01-09
|b l01
|
| LOK |
|
|
|0 000 xxxxxcx a22 zn 4500
|
| LOK |
|
|
|0 001 2676391801
|
| LOK |
|
|
|0 003 DE-627
|
| LOK |
|
|
|0 004 243332270
|
| LOK |
|
|
|0 005 20110512104914
|
| LOK |
|
|
|0 008 110512||||||||||||||||ger|||||||
|
| LOK |
|
|
|0 040
|a DE-21-31
|c DE-627
|d DE-21-31
|
| LOK |
|
|
|0 852
|a DE-21-31
|
| LOK |
|
|
|0 852 1
|c Einzelsignatur
|m p
|9 00
|
| LOK |
|
|
|0 938
|k p
|
| LOK |
|
|
|0 939
|a 12-05-11
|b l01
|
| ORI |
|
|
|a SA-MARC-krimdokb001.raw
|
| SPR |
|
|
|a 1
|t KRI
|